书目信息 |
| 题名: |
江村销夏录
|
|
| 作者: | (清)高士奇 撰 | |
| 分册: | ||
| 出版信息: | 北京 中国书店 2018.5 |
|
| 页数: | 440页 | |
| 开本: | 27cm | |
| 丛书名: | ||
| 单 册: | ||
| 中图分类: | J212.052 | |
| 科图分类: | ||
| 主题词: | 中国画--绘画评论--中国--古代 , 书法评论--中国--古代 | |
| 电子资源: | ||
| ISBN: | 978-7-5149-2072-7 | |
| 000 | 00924nam0 2200241 45 | |
| 001 | 012001005313 | |
| 005 | 20141008150753.0 | |
| 010 | @a978-7-5149-2072-7@dCNY106.00 | |
| 100 | @a20180429d2018 em y0chiy0110 ea | |
| 101 | 0 | @achi |
| 102 | @aCN@b110000 | |
| 105 | @ay z 000yy | |
| 106 | @ar | |
| 200 | 1 | @a江村销夏录@9jiang cun xiao xia lu@f(清)高士奇撰 |
| 210 | @a北京@c中国书店@d2018.5 | |
| 215 | @a440页@d27cm | |
| 330 | @a《江村销夏录》,三卷,国朝高士奇撰。是编乃其告归平湖之日,以所见法书、名画,考其源流,记其绢素长短广狭,后人题跋图记,一一志载,汇为一书。该书收录孙氏所藏晋唐至明书画真迹114件,碑帖108件,另记亲见他人所藏历代书画54件,分别加以品鉴评述,议论精到,要而不繁。 | |
| 606 | 0 | @a中国画@x绘画评论@y中国@z古代 |
| 606 | 0 | @a书法评论@y中国@z古代 |
| 690 | @aJ212.052@v5 | |
| 701 | 0 | @a(清)高士奇@9( qing ) gao shi qi@4撰 |
| 801 | 0 | @aCN@b上海新华@c20180901 |
| 905 | @b1173549-52@dJ212.052@e1005@f4 | |
| 江村销夏录/(清)高士奇撰.-北京:中国书店,2018.5 |
| 440页;27cm |
| ISBN 978-7-5149-2072-7:CNY106.00 |
| 《江村销夏录》,三卷,国朝高士奇撰。是编乃其告归平湖之日,以所见法书、名画,考其源流,记其绢素长短广狭,后人题跋图记,一一志载,汇为一书。该书收录孙氏所藏晋唐至明书画真迹114件,碑帖108件,另记亲见他人所藏历代书画54件,分别加以品鉴评述,议论精到,要而不繁。 |
| ● |
| 相关链接 |
|
|
|
|
正题名:江村销夏录
索取号:J212.052/1005
 
预约/预借
| 序号 | 登录号 | 条形码 | 馆藏地/架位号 | 状态 | 备注 |
| 1 | 1173549 | 211735498 | 第一借阅区/ [索取号:J212.052/1005] | 在馆 | |
| 2 | 1173550 | 211735504 | 第一借阅区/ [索取号:J212.052/1005] | 在馆 | |
| 3 | 1173551 | 211735513 | 密集书库-资源管理系/ [索取号:J212.052/1005] | 在馆 | |
| 4 | 1173552 | 211735522 | 第一样本阅览室/ [索取号:J212.052/1005] | 在馆 |